| 000 | 003080000a22000970004500 | ||
|---|---|---|---|
| 773 | 0 | _tVetus Testamentum | |
| 100 | 1 | _aGoldingay, John | |
| 245 | 1 | 0 | _aKAYYÈM Hazzeh "on this very day"; KAYYÈM "on the very day"; KA'ET "at the very time" |
| 300 | _aVol. 43, Num. 1 (Enero, 1993), Páginas 112-115 | ||
| 942 | _cANA | ||
| 999 |
_c57791 _d57791 |
||